000 00401pab a2200169 454500
008 180718b2000 xxu||||| |||| 00| 0 eng d
100 _aBhattacharjee, Jay
245 _aBudget blues: another opportunity missed
260 _c2000
300 _ap.8
362 _a3 Mar
650 _aBudget - India
650 _aPublic finance - India
650 _aBudget
773 _aPioneer
909 _a45025
999 _c45025
_d45025